| 000 | 00743nam a22002177a 4500 | ||
|---|---|---|---|
| 999 |
_c12372 _d12372 |
||
| 003 | AR-CdUCM | ||
| 008 | 190408b ||||| |||| 00| 0 spa d | ||
| 040 |
_aMUNICIPALIDAD PROVINCIAL DEL CUSCO _cBIBLIOTECA MUNICIPAL DEL CUSCO |
||
| 082 |
_a616.8 / _bF38 |
||
| 100 |
_aFéré, Carlos _930203 |
||
| 245 | _aDegeneración y criminalidad / | ||
| 260 |
_aBuenos Aires : _bTor, |
||
| 300 |
_a157 páginas ; _c17 cm. |
||
| 505 | _aContenido : Introducción -- La responsabilidad moral y el peritaje medico -- La herencia criminal y la herencia degenerativa ... | ||
| 650 |
_aMedicina _93637 |
||
| 650 |
_aPeritaje _930204 |
||
| 650 |
_aCiencia _92098 |
||
| 700 |
_aGonzales, Anselmo _930205 |
||
| 942 |
_2ddc _cLIBROS |
||
| 945 |
_arah _d08/04/2019 |
||